00912nam a22002537a 450000500170000001000140001702000270003102000240005803500130008203700130009508200150010810000260012324501110014926000460026027000610030630000340036750000500040170000090045170000090046070000090046994200300047899900170050895201330052520100727120948.0 aENG-96947 a9780198064411c2750.00 a0198064411c2750.00 aEN-80480 bDBAD/PUB a9540350223 aHowes, Jennifer93225 aIllustrating India :cby Jennifer Howesbthe early colonial investigation of Colin Mackenzie (1784-1821) / aNew Delhi bOxford University Pressc2010 aYMCA Library Building, Jai Singh RoadbNew Delhie110001 axii, 269 p. :c29cm (Hb)bill aIncludes bibliographical references and index 91706 91707 91708 2ddccENh954.0350223mHOW c37938d37938 001040718NFICaDBADbDBADd2010-07-27g2750.00l0o954.0350223 HOWpEN-80480r2010-07-27 00:00:00t1v2750.00w2010-07-27yEN